Solar energy building projects (Record no. 72275)

MARC details
000 -LEADER
fixed length control field 00990cam a2200205 4500
001 - CONTROL NUMBER
control field WB3910-10
008 - FIXED-LENGTH DATA ELEMENTS--GENERAL INFORMATION
fixed length control field 030311n2003 000 0 eng u
035 ## - SYSTEM CONTROL NUMBER
System control number (Sirsi) u121585
245 ## - TITLE STATEMENT
Title Solar energy building projects
260 ## - PUBLICATION, DISTRIBUTION, ETC.
Date of publication, distribution, etc. 2003
490 ## - SERIES STATEMENT
Series statement DTI Press Release
Volume/sequential designation (P/2003/149) 10 March 2003, (7)
520 ## - SUMMARY, ETC.
Summary, etc. 18 varied building projects in England and Wales have been selected to share £2m government funding to fit solar panels to roofs and walls to generate power from sunlight. The projects will have a combined output of 565kWp, enough to meet the electricity needs of 140 homes. These are the third set of proposals under the DTI's £20m Photovoltaic Demonstration Programme. http://www.gnn.gov.uk/gnn/national.nsf/TI/CCF392F47AB4D38A80256CE50048EB86?opendocument
590 ## - LOCAL NOTE (RLIN)
Local note WB
650 ## - SUBJECT ADDED ENTRY--TOPICAL TERM
Topical term or geographic name entry element SOLAR ENERGY
650 ## - SUBJECT ADDED ENTRY--TOPICAL TERM
Topical term or geographic name entry element PHOTOVOLTAICS
650 ## - SUBJECT ADDED ENTRY--TOPICAL TERM
Topical term or geographic name entry element SOLAR PANELS
650 ## - SUBJECT ADDED ENTRY--TOPICAL TERM
Topical term or geographic name entry element RENEWABLE ENERGY
690 ## - LOCAL SUBJECT ADDED ENTRY--TOPICAL TERM (OCLC, RLIN)
Topical term or geographic name as entry element ENVIRONMENTAL AND LAND CONSULTANCY-ENERGY
942 ## - ADDED ENTRY ELEMENTS (KOHA)
Suppress in OPAC 0
Holdings
Withdrawn status Lost status Source of classification or shelving scheme Damaged status Not for loan Home library Current library Shelving location Date acquired Total Checkouts Full call number Barcode Date last seen Copy number Price effective from Koha item type
    Dewey Decimal Classification     London London News article 11/03/2003   WB3910-10 121585-1001 06/08/2019 1 06/08/2019 News article